Tuṅkī vārtā: śilpa ane sarjana. (Record no. 82762)

MARC details
000 -LEADER
fixed length control field 00708cam a22002531 4500
001 - CONTROL NUMBER
control field sa 68009166
003 - CONTROL NUMBER IDENTIFIER
control field DLC
005 - DATE AND TIME OF LATEST TRANSACTION
control field 20260227112541.0
008 - FIXED-LENGTH DATA ELEMENTS--GENERAL INFORMATION
fixed length control field 890724s1967 ii b 000 0 gujo
010 ## - LIBRARY OF CONGRESS CONTROL NUMBER
LC control number sa 68009166
035 ## - SYSTEM CONTROL NUMBER
System control number (OCoLC)20059757
040 ## - CATALOGING SOURCE
Original cataloging agency DLC
Transcribing agency WaU
Modifying agency DLC
042 ## - AUTHENTICATION CODE
Authentication code premarc
043 ## - GEOGRAPHIC AREA CODE
Geographic area code a-ii---
050 00 - LIBRARY OF CONGRESS CALL NUMBER
Classification number PK1854
Item number .D3
100 1# - MAIN ENTRY--PERSONAL NAME
Personal name Dave, Ishvarlal Ratilal,
Dates associated with a name 1921-
245 10 - TITLE STATEMENT
Title Tuṅkī vārtā: śilpa ane sarjana.
260 ## - PUBLICATION, DISTRIBUTION, ETC.
Date of publication, distribution, etc. [1967]
300 ## - PHYSICAL DESCRIPTION
Extent 6, [2], 132 p.
Dimensions 22 cm.
500 ## - GENERAL NOTE
General note In Gujarati.
504 ## - BIBLIOGRAPHY, ETC. NOTE
Bibliography, etc. note List of the author's works: p. [8] (1st group)
504 ## - BIBLIOGRAPHY, ETC. NOTE
Bibliography, etc. note Bibliographical footnotes.
650 #0 - SUBJECT ADDED ENTRY--TOPICAL TERM
Topical term or geographic name entry element Short stories, Gujarati
General subdivision History and criticism.

No items available.

Powered by Koha